Catálogo

The ice princess / (Registro nro. 31048)

Detalles MARC
000 -LEADER
fixed length control field 01106cam a2200325 i 4500
001 - CONTROL NUMBER
control field 31048
003 - CONTROL NUMBER IDENTIFIER
control field Mx-PuUPA
005 - DATE AND TIME OF LATEST TRANSACTION
control field 20250321103304.0
008 - FIXED-LENGTH DATA ELEMENTS--GENERAL INFORMATION
fixed length control field 140415s2017 xxke dr 000 1 eng d
020 ## - INTERNATIONAL STANDARD BOOK NUMBER
International Standard Book Number 9780008264444
040 ## - CATALOGING SOURCE
Transcribing agency Mx-PuUPA
Original cataloging agency Mx-PuUPA
Language of cataloging spa
Modifying agency Mx-PuUPA
Description conventions rda
041 0# - LANGUAGE CODE
Language code of text/sound track or separate title eng
043 ## - GEOGRAPHIC AREA CODE
Geographic area code e-sw---
100 1# - MAIN ENTRY--PERSONAL NAME
Personal name Läckberg, Camilla,
Dates associated with a name 1974-
9 (RLIN) 16885
Relator term autor
245 10 - TITLE STATEMENT
Title The ice princess /
Statement of responsibility, etc. Camila Lackberg ; translated from the swedish by Steven T. Murray
250 ## - EDITION STATEMENT
Edition statement The paperback edition
264 #1 - PRODUCTION, PUBLICATION, DISTRIBUTION, MANUFACTURE, AND COPYRIGHT NOTICE
Place of production, publication, distribution, manufacture London ;
Name of producer, publisher, distributor, manufacturer Harper Collins Publishers,
Date of production, publication, distribution, manufacture, or copyright notice 2017
300 ## - PHYSICAL DESCRIPTION
Extent 393 páginas :
Other physical details ilustraciones ;
Dimensions 20 cm
336 ## - CONTENT TYPE
Fuente rdacontent
Content type term texto
Content type code txt
337 ## - MEDIA TYPE
Source rdamedia
Media type term sin medio
Media type code n
338 ## - CARRIER TYPE
Source rdacarrier
Carrier type term volumen
Carrier type code nc
650 #7 - SUBJECT ADDED ENTRY--TOPICAL TERM
Source of heading or term armarc
Topical term or geographic name entry element Policía
Geographic subdivision Suecia
Form subdivision Novela
650 #7 - SUBJECT ADDED ENTRY--TOPICAL TERM
Source of heading or term armarc
Topical term or geographic name entry element Vida urbana
Geographic subdivision Suecia
Form subdivision Novela
650 #7 - SUBJECT ADDED ENTRY--TOPICAL TERM
Source of heading or term armarc
Topical term or geographic name entry element Novela policiaca
Geographic subdivision Suecia
650 #7 - SUBJECT ADDED ENTRY--TOPICAL TERM
Source of heading or term armarc
Topical term or geographic name entry element Investigación de asesinatos
Form subdivision Novela
700 1# - ADDED ENTRY--PERSONAL NAME
Personal name Murray, Steven T.,
Relator term traductor
942 ## - ADDED ENTRY ELEMENTS (KOHA)
Source of classification or shelving scheme Dewey Decimal Classification
Koha item type Libro
Classification part 839.73
Item part L28
Existencias
Withdrawn status Lost status Source of classification or shelving scheme Damaged status Not for loan Collection code Home library Current library Shelving location Date acquired Total Checkouts Full call number Barcode Date last seen Price effective from Koha item type
    Dewey Decimal Classification     General Angelópolis Angelópolis Sala general 21/03/2025   839.73 L28 2017 965000000348 21/03/2025 21/03/2025 Libro